Análisis de circuitos con Cadence PSpice

Guardado en:
Detalles Bibliográficos
Autor principal: Báez López, David (Autor)
Formato: Libro
Lenguaje:español
Publicado: Ciudad de México Alfaomega 2002
Materias:
Etiquetas: Agregar Etiqueta
Sin Etiquetas, Sea el primero en etiquetar este registro!

MARC

LEADER 00000nam a2200000 a 4500
001 UCL3221
003 CL-VaPUC
008 031114e20020000MX |||||||||||||||||spa|d
020 |a 9701507800 
082 0 4 |a 621.3192  |b BAE  |2 21 
100 0 |a Báez López, David  |e author  |9 480497 
245 1 0 |a Análisis de circuitos con Cadence PSpice 
300 |a 223 p 
942 |c BK 
945 |d 20031114 00:00:00  |a cmena 
260 |a Ciudad de México  |b Alfaomega  |c 2002 
500 |a Incluye Cd-Rom 
650 0 |a Circuitos eléctricos   |9 260262 
650 0 |a Análisis de circuitos  |9 333503 
583 |a last modification  |c 20031114 00:00:00  |k Rodrigo Vera 
999 |c 306337  |d 306335 
952 |0 0  |1 0  |2 ddc  |4 0  |6 621_319200000000000_BAE_2002  |7 0  |8 A  |9 371284  |a BIBING  |b BIBING  |c RES  |d 2019-11-21  |i 3965899  |o 621.3192 BAE 2002  |p 3965899  |r 2025-01-20  |w 2019-11-21  |y BK  |k EIE